¿Qué hay de nuevo en la gestión de costos? (Registro nro. 12286)

Detalles MARC
000 -LEADER
fixed length control field 00345 a2200121 4500
001 - CONTROL NUMBER
control field ART_43079
005 - DATE AND TIME OF LATEST TRANSACTION
control field 20260410161629.0
008 - FIXED-LENGTH DATA ELEMENTS--GENERAL INFORMATION
fixed length control field 260409a
100 1# - MAIN ENTRY--PERSONAL NAME
Personal name Smolje, Alejandro R.
245 10 - TITLE STATEMENT
Title ¿Qué hay de nuevo en la gestión de costos?
700 1# - ADDED ENTRY--PERSONAL NAME
Personal name Lavolpe, Antonio
773 0# - HOST ITEM ENTRY
Title Enfoques
Related parts - Nº 7 (jul. 2017)
Record control number REV416

No hay ítems disponibles.